00306nam a2200133Ia 4500008004100000100001800041245001700059250001200076260003400088300001000122650001600132942000700148999001700155190216s9999||||xx |||||||||||||| ||und|| aSurendran. Pu 0aSamkhyikam-1 a1st Ed. bKerala Bhasha Institutec1971 a250+6 aMathematics cBK c37563d37563